Cash Cow (Record no. 74072)
[ view plain ]
| 000 -LEADER | |
|---|---|
| fixed length control field | 01079cab a2200229 4500 |
| 001 - CONTROL NUMBER | |
| control field | ABS67466 |
| 008 - FIXED-LENGTH DATA ELEMENTS--GENERAL INFORMATION | |
| fixed length control field | 040126n2004 000 0 eng u |
| 035 ## - SYSTEM CONTROL NUMBER | |
| System control number | (Sirsi) u124905 |
| 100 ## - MAIN ENTRY--PERSONAL NAME | |
| Personal name | Jessel, C. |
| 245 ## - TITLE STATEMENT | |
| Title | Cash Cow |
| 260 ## - PUBLICATION, DISTRIBUTION, ETC. | |
| Date of publication, distribution, etc. | 2004 |
| 490 ## - SERIES STATEMENT | |
| Series statement | Estates Gazette |
| Volume/sequential designation | (0403) 17 January 2004, 96-97(2) |
| 520 ## - SUMMARY, ETC. | |
| Summary, etc. | Examines the economics of farming with the introduction of the European Union's new yearly payment under The Common Agricultural Policy. Discusses how the payment is calculated and how neighbouring farms may have different rates per hectare. Outlines how a farmer will make his claim for the payment. Also considers cross compliance and the transfer of entitlement and how this may affect land values and changes in occupancy. |
| 590 ## - LOCAL NOTE (RLIN) | |
| Local note | ABS |
| 650 ## - SUBJECT ADDED ENTRY--TOPICAL TERM | |
| Topical term or geographic name entry element | COMMON AGRICULTURAL POLICY |
| 650 ## - SUBJECT ADDED ENTRY--TOPICAL TERM | |
| Topical term or geographic name entry element | EUROPEAN UNION |
| 650 ## - SUBJECT ADDED ENTRY--TOPICAL TERM | |
| Topical term or geographic name entry element | PROPERTY-RURAL AND NATURAL ASSETS-AGRICULTURAL PROPERTY-AGRICULTURAL LAND |
| 650 ## - SUBJECT ADDED ENTRY--TOPICAL TERM | |
| Topical term or geographic name entry element | INTEGRATED ADMINISTRATION AND CONTROL SYSTEM |
| 650 ## - SUBJECT ADDED ENTRY--TOPICAL TERM | |
| Topical term or geographic name entry element | SUBSIDIES |
| 690 ## - LOCAL SUBJECT ADDED ENTRY--TOPICAL TERM (OCLC, RLIN) | |
| Topical term or geographic name as entry element | RURAL-AGRICULTURE AND FORESTRY |
| 942 ## - ADDED ENTRY ELEMENTS (KOHA) | |
| Suppress in OPAC | 0 |
| Withdrawn status | Lost status | Source of classification or shelving scheme | Damaged status | Not for loan | Home library | Current library | Shelving location | Date acquired | Total Checkouts | Full call number | Barcode | Date last seen | Copy number | Price effective from | Koha item type |
|---|---|---|---|---|---|---|---|---|---|---|---|---|---|---|---|
| Dewey Decimal Classification | London | London | Journal article | 26/01/2004 | ABS67466 | 124905-1001 | 06/08/2019 | 1 | 06/08/2019 | Journal article |